Canzoni di Sfera Ebbasta - Statistics

Statistiche generali
  • Questo quiz è stato fatto 411 volte
    175 dall'ultimo reset
  • Il punteggio medio è 48 su 99
Statistiche sulle risposte
Album Anno Feat Risposta % Corretto
Rockstar 2018 - Rockstar
85%
Rockstar 2018 Quavo Cupido
84%
Rockstar(Popstar Edition) 2018 Khea, Duki, Quavo, Elettra Lamborghini Cupido
84%
Rockstar 2018 Drefgold Sciroppo
76%
XDVR Reloaded 2015 - XDVR
75%
X2VR 2023 Elodie Anche Stasera
73%
X2VR 2023 Geolier, Simba La Rue, Baby Gang Calcolatrici
72%
SANTANA MONEY GANG 2025 Shiva NEON
71%
X2VR 2023 Marracash 15 Piani
67%
Rockstar 2018 - Tran Tran
67%
Rockstar(International Version) 2018 Lary Over Tran Tran
67%
Famoso 2021 J Balvin Baby
65%
X2VR 2023 Lazza, Shiva G63
65%
Italiano 2022 Rvssian Italiano Anthem
65%
Rockstar 2018 - Ricchi X Sempre
65%
Rockstar 2018 - Serpenti A Sonagli
65%
Rockstar(Popstar Edition) 2018 Lacrim Serpenti A Sonagli - RMX
65%
Famoso 2021 Marracash, Guè Tik Tok
65%
Famoso 2021 Marracash, Guè, Paky, Geolier Tik Tok - RMX
65%
Sfera Ebbasta 2016 - Visiera A Becco
64%
XDVR Reloaded 2015 - Panette
62%
Sfera Ebbasta 2016 - BRNBQ
61%
Famoso 2021 - Famoso
61%
XDVR Reloaded 2015 Tedua, Izi Mercedes Nero
59%
- 2016 - Blunt & Sprite
56%
X2VR 2023 Guè Gol
56%
Rockstar(Popstar Edition) 2018 - Happy Birthday
56%
Rockstar 2018 - Uber
56%
Rockstar(International Version) 2018 Miami Yacine Uber
56%
X2VR 2023 ANNA Ciao Bella
55%
SANTANA MONEY GANG 2025 Shiva SNTMNG
55%
XDVR Reloaded 2015 - Ciny
54%
Sfera Ebbasta 2016 - Notti
54%
SANTANA MONEY GANG 2025 Shiva NON METTERCI BECCO
53%
SANTANA MONEY GANG 2025 Shiva OVER(Demo)
51%
Rockstar 2018 - 20 Collane
50%
Rockstar(International Version) 2018 Rich The Kid 20 Collane
50%
Rockstar 2018 - Bancomat
50%
Rockstar(International Version) 2018 Tinie Tempah Bancomat
50%
Famoso 2021 - Bottiglie Privè
50%
Sfera Ebbasta 2016 SCH Cartine Cartier
50%
X2VR 2023 Paky Complicato
49%
SANTANA MONEY GANG 2025 Shiva MNGSNT
49%
Sfera Ebbasta 2016 - Figli Di Papà
48%
Famoso 2021 Diplo Hollywood
48%
Italiano 2022 Rvssian Mamma Mia
48%
X2VR 2023 - VDLC
48%
X2VR 2023 thasup, Tony Effe 3uphon
47%
Famoso 2021 Future Abracadabra
47%
SANTANA MONEY GANG 2025 Shiva D&G
47%
XDVR Reloaded 2015 Luchè, Marracash XDVRMX
47%
Sfera Ebbasta 2016 - Bang Bang
46%
Rockstar(Popstar Edition) 2018 - Popstar
46%
SANTANA MONEY GANG 2025 Shiva VVS CARTIER
46%
Rockstar 2018 - Leggenda
45%
SANTANA MONEY GANG 2025 Shiva MOLECOLE SPRITE
45%
Rockstar 2018 - XNX
45%
Rockstar(Popstar Edition) 2018 Guè XNX - RMX
45%
Famoso 2021 - Giovani Re
44%
SANTANA MONEY GANG 2025 Shiva COME SE NON FOSSI NEI GUAI
43%
X2VR 2023 Tedua Momenti No
43%
Rockstar(Popstar Edition) 2018 - Pablo
43%
Famoso 2021 - Male
42%
Sfera Ebbasta 2016 - BHMG
41%
X2VR 2023 - Fragile
40%
Famoso 2021 Offset Macarena
40%
SANTANA MONEY GANG 2025 Shiva SEI PERSA
40%
Famoso 2021 - UHLALA
40%
X2VR 2023 - Milano Bene
39%
SANTANA MONEY GANG 2025 Shiva PARANOIA
39%
Sfera Ebbasta 2016 SCH Balenciaga
38%
Famoso 2021 - $€ Freestyle
38%
SANTANA MONEY GANG 2025 Shiva MAYBACH
37%
XDVR Reloaded 2015 - Brutti Sogni
36%
Italiano 2022 Rvssian, Fivio Foreign Easy
36%
Sfera Ebbasta 2016 - Equilibrio
36%
XDVR Reloaded 2015 - No Champagne
36%
- 2023 Luciano Orange
35%
XDVR Reloaded 2015 - Più Forte
35%
XDVR Reloaded 2015 - SG4M1
35%
XDVR Reloaded 2015 - Trap Kings
33%
XDVR Reloaded 2015 - Tutti Scemi
33%
Famoso 2021 Feid Triste
32%
Italiano 2022 Rvssian, BIA X6
31%
Famoso 2021 - 6 AM
30%
Famoso 2021 Lil Mosey Gangang
30%
- 2019 - Mademoiselle
30%
XDVR Reloaded 2015 - Marshmallow
30%
Sfera Ebbasta 2016 - No No
30%
XDVR Reloaded 2015 - Rapina
30%
XDVR Reloaded 2015 - Te Lo Do
30%
- 2017 - Dexter
29%
Sfera Ebbasta 2016 - Quello Che Non Va
29%
- 2015 - OGNT
28%
Rockstar(Popstar Edition) 2018 - Uh Ah Hey
27%
XDVR Reloaded 2015 - Zero
27%
Famoso 2021 - Gelosi
26%
Italiano 2022 Rvssian, Myke Towers Sola
26%
Famoso 2021 7ari, Steve Aoki Salam Alaikum
25%
Nessun quiz corrispondente trovato
Distribuzione punteggi
Percentuale di utenti per punteggio
Percentile per numero di risposta
I tuoi punteggi nel tempo
Non hai fatto questo quiz dall'ultimo reset